Т. 35, № 3; Микроэлектроника

التفاصيل البيبلوغرافية
Parent link:Микроэлектроника: научный журнал/ Российская академия наук (РАН). Т. 35, № 3.— , 1973-2011.— 0544-1269
اللغة:الروسية
منشور في: 2006
التنسيق: MixedMaterials كتاب
KOHA link:https://koha.lib.tpu.ru/cgi-bin/koha/opac-detail.pl?biblionumber=401051

MARC

LEADER 00000nam2a2200000 4500
001 401051
005 20231101065502.0
035 |a (RuTPU)RU\TPU\prd\43980 
090 |a 401051 
100 |a 20060609a20069999k y0rusy50 ca 
101 0 |a rus 
102 |a RU 
200 0 |a Т. 35, № 3 
210 |d 2006 
461 1 |0 (RuTPU)RU\TPU\prd\1711  |x 0544-1269  |t Микроэлектроника  |o научный журнал  |f Российская академия наук (РАН)  |v Т. 35, № 3  |d 1973-2011 
801 0 |a RU  |b 63413507  |c 20010227  |g PSBO 
801 1 |a RU  |b 63413507  |c 20060609  |g PSBO 
801 2 |a RU  |b 63413507  |c 20201215  |g PSBO 
942 |c BK 
999 |a НТБ_ТПУ  |b НФ  |e -1/20060110  |p П-6575  |s 6/20050912  |u 554,32  |v 1